| 000 | 00628nam a22002057a 4500 | ||
|---|---|---|---|
| 999 |
_c16346 _d16346 |
||
| 003 | AR-CdUCM | ||
| 008 | 190503b ||||| |||| 00| 0 spa d | ||
| 040 |
_aMUNICIPALIDAD PROVINCIAL DEL CUSCO _cBIBLIOTECA MUNICIPAL DEL CUSCO |
||
| 082 |
_a848.8 / _bV53 |
||
| 100 |
_aVerne, Jules _912072 |
||
| 245 | _a20,000 leguas de viaje submarino / | ||
| 260 |
_aColombia : _bAndes, |
||
| 300 |
_a109 paginas ; _bIlustraciones, _c19 cm. |
||
| 505 | _aContenido : Novela | ||
| 650 |
_aJulio Verne _935738 |
||
| 650 |
_aNovela francesa _92590 |
||
| 650 |
_aNovelas de aventuras _9735 |
||
| 942 |
_2ddc _cLIBROS |
||
| 945 |
_awnts _d2019-05-3 |
||